000 00533nam a2200193Ia 4500
005 20250423095910.0
008 250422s9999 xx 000 0 und d
020 _a9780273751472
050 _aQA 76.73 .J38 .L49/
100 _aLewis, John
245 0 _aJava software solutions : foundations of program design
250 _a7th ed.
260 _aBoston
260 _bPearson
260 _c2012
300 _a832 p
650 _aJava (Computer program language) Object-oriented programming (Computer science)
942 _cBK
999 _c31667
_d31667